| 000 | 00741nam a2200193 i 4500 | ||
|---|---|---|---|
| 001 | 144504 | ||
| 003 | ES-MaACL | ||
| 005 | 20230906201031.0 | ||
| 008 | 070214s1968 sp |||| | spa d | ||
| 100 | 1 |
_aSilva, Rafael _c(profesor de Teología) _9106383 |
|
| 245 | 1 | 3 |
_aEl trabajo manual del clero / _cRafael Silva, J.R. Barreiro Fernández, J.J. Cebrián Franco ; prólogo de José María González Ruiz. |
| 260 |
_aSantiago de Compostela : _bPorto y Cía., _c1968. |
||
| 300 |
_aXX, 225 p. ; _c19 cm. |
||
| 650 | 4 |
_aSacerdotes obreros. _9161177 |
|
| 700 | 1 |
_aBarreiro Fernández, Xosé Ramón. _9150990 |
|
| 700 | 1 |
_aCebrián Franco, Juan José. _937299 |
|
| 700 | 1 |
_aGonzález Ruiz, José María. _958943 |
|
| 852 |
_aES-MaACL _jC-34449 |
||
| 999 |
_c144504 _d144504 |
||